00306nam a2200109Ia 45000010005000000080041000050200022000460820021000681000030000892450053001192600024001723762241024s9999 xx 000 0 und d a978-9945-00-792-3 aRD/860.903/C965j aRodolfo de Jesús Cuevas 0aEl Jven y El Shamán. Encuentro de generaciones bSanto Domingoc2013